[Event "Master Open"]
[Site "Voronezh"]
[Date "2018.06.21"]
[Round "9.46"]
[White "Zhitnikov, Konstantin"]
[Black "Volotovsky, Kirill"]
[Result "1/2-1/2"]
[WhiteElo "2255"]
[BlackElo "2159"]
[Annotator ""]
[Source ""]
[Remark ""]

1.e4 c5 2.Nf3 Nc6 3.Bb5 e6 4.Bxc6 bxc6 5.b3 d5 6.Nc3 Nf6 7.e5
Nd7 8.Qe2 Be7 9.Bb2 O-O 10.O-O Kh8 11.d3 f5 12.exf6 Bxf6 13.Na4
Bxb2 14.Nxb2 Qf6 15.Na4 e5 16.Rae1 Re8 17.c4 Bb7 18.Qe3 Qd6 19.Ng5
Qg6 20.f4 h6 21.Nh3 Kh7 22.f5 Qd6 23.Nf2 Re7 24.Ng4 Rf8 25.Qg3
Bc8 26.Rf2 a5 27.Ref1 Nf6 28.Nxf6+ Rxf6 29.Qe3 Ref7 30.Qxc5 Qxc5
31.Nxc5 Bxf5 32.Re1 Bg4 33.Rc2 Bf5 34.h3 dxc4 35.bxc4 Re7 36.Rce2
Rd6 37.Re3 Rd4 38.Rxe5 Rxe5 39.Rxe5 Bxd3 40.Nxd3 Rxd3 41.Rxa5
Rc3 42.Rc5 Ra3 43.Rxc6 Rxa2 44.Rd6 Rc2 45.Rd4 Kg6 46.Kh2 Rc3
47.h4 Kh5 48.g3 g5 49.Kh3 gxh4 50.Rxh4+ Kg5 51.Rg4+ Kh5 52.Rd4
Kg5 53.Rd5+ Kg6 54.c5 h5 55.Kg2 Rc4 56.Kf3 h4 57.g4 h3 58.Kg3
Rc3+ 59.Kh2 Kh6 1/2-1/2

[Event "Master Open"]
[Site "Voronezh"]
[Date "2018.06.21"]
[Round "9.47"]
[White "Dmitriev, Igor"]
[Black "Najdin, Danil"]
[Result "0-1"]
[WhiteElo "2236"]
[BlackElo "2250"]
[Annotator ""]
[Source ""]
[Remark ""]

1.c4 e5 2.Nc3 Nf6 3.Nf3 Nc6 4.e3 d6 5.Qc2 g6 6.a3 Bg7 7.Be2 O-O
8.O-O Nh5 9.b4 f5 10.b5 Ne7 11.d4 exd4 12.Nxd4 f4 13.Bf3 Nf5
14.Nxf5 Bxf5 15.Qb3 Qf6 16.Bd2 fxe3 17.fxe3 Qh4 18.c5+ Kh8 19.Qb4
Qxb4 20.axb4 dxc5 21.bxc5 Rad8 22.Be1 Rd3 23.Rd1 Rxd1 24.Bxd1
Nf6 25.Bf3 Re8 26.Bh4 Ne4 27.Bxe4 Bxe4 28.Bf6 Bxf6 29.Rxf6 Kg7
30.Rf4 Bf5 31.e4 Bd7 32.Rf2 Re5 33.Rd2 Be8 34.Rd5 Rxd5 35.exd5
Kf6 36.c6 bxc6 37.dxc6 Ke5 38.Ne2 Bf7 39.Kf2 Bc4 0-1

[Event "Master Open"]
[Site "Voronezh"]
[Date "2018.06.21"]
[Round "9.48"]
[White "Tsvetkov, Andrey"]
[Black "Konnov, Oleg"]
[Result "1/2-1/2"]
[WhiteElo "2220"]
[BlackElo "2311"]
[Annotator ""]
[Source ""]
[Remark ""]

1.d4 d5 2.c4 e6 3.Nc3 c6 4.Nf3 dxc4 5.a4 Bb4 6.e3 b5 7.Bd2 a5
8.axb5 Bxc3 9.Bxc3 cxb5 10.b3 Bb7 11.bxc4 b4 12.Bb2 Nf6 13.Bd3
Nbd7 14.O-O O-O 15.Nd2 Qc7 16.f4 a4 17.Rb1 Rfd8 18.Qe2 b3 19.Ra1
Qd6 20.Ba3 Qc7 21.Rfc1 h6 22.Bb2 Bc6 23.h3 Qd6 24.Ba3 Qc7 25.Rab1
Nf8 26.Bc5 N8d7 27.Ba3 Nf8 28.Bc5 N8d7 29.Ba3 1/2-1/2

[Event "Master Open"]
[Site "Voronezh"]
[Date "2018.06.21"]
[Round "9.49"]
[White "Lazarov, Alexander"]
[Black "Sukhareva, Evgeniya"]
[Result "1-0"]
[WhiteElo "2389"]
[BlackElo "2234"]
[Annotator ""]
[Source ""]
[Remark ""]

1.c4 e6 2.g3 d5 3.Bg2 Nf6 4.Nf3 Be7 5.O-O O-O 6.b3 c5 7.cxd5
exd5 8.d4 b6 9.Nc3 Bb7 10.Bg5 h6 11.Bxf6 Bxf6 12.Rc1 Na6 13.Qd2
Qd7 14.Rfd1 Rfd8 15.e3 Rac8 16.Ne2 Qe7 17.Nf4 g6 18.h4 h5 19.Nd3
Bg7 20.Nde5 Nc7 21.Bh3 Ne6 22.Bxe6 Qxe6 23.Ng5 Qe7 24.Nexf7 Rf8
25.dxc5 bxc5 26.Qd3 Rxf7 27.Qxg6 Rf6 28.Qh7+ Kf8 29.Qxh5 Rh6
30.Qg4 Kg8 31.Rxd5 Bxd5 32.Qxc8+ Bf8 33.Qg4 Bg7 34.Rd1 Bc6 35.Qc4+
Kf8 36.Rd8+ Be8 37.Qd5 Be5 38.Rc8 Kg7 39.Rxc5 Bb2 40.Qc4 Bd7
41.Rc7 Be5 42.Rxa7 Rd6 43.Qc2 Kh6 44.Ra8 Rc6 45.Qd2 Bc8 46.e4
Kg7 47.Kg2 Bf6 48.Nf3 Bb7 49.Ra7 Re6 50.Kh2 Rxe4 51.Ng5 Re2 52.Qf4
Re1 53.Nf3 Re2 54.Nd4 Re1 55.Nf5+ Kh7 56.Qh6+ 1-0

[Event "Master Open"]
[Site "Voronezh"]
[Date "2018.06.21"]
[Round "9.50"]
[White "Nazaretyan, Tigran"]
[Black "German, Nikita"]
[Result "0-1"]
[WhiteElo "2300"]
[BlackElo "2182"]
[Annotator ""]
[Source ""]
[Remark ""]

1.d4 Nf6 2.c4 g6 3.Nc3 Bg7 4.e4 d6 5.Be2 O-O 6.Nf3 Na6 7.O-O
e5 8.Be3 Ng4 9.Bg5 f6 10.Bh4 Nh6 11.Rb1 Nf7 12.d5 c6 13.Ne1 Qe8
14.f3 c5 15.Nd3 Nc7 16.b4 b6 17.a4 f5 18.a5 f4 19.Qa4 Bd7 20.Qa3
g5 21.Bf2 Qc8 22.Na4 g4 23.Bh4 Qe8 24.bxc5 dxc5 25.Naxc5 bxc5
26.Nxc5 Bc8 27.a6 gxf3 28.Bxf3 Nd6 29.Rfc1 Bf6 30.Bf2 Qg6 31.Kh1
Be7 32.Nb7 Nxe4 33.Qxe7 Nxf2+ 34.Kg1 Nd3 35.Rd1 Ne6 36.d6 Bxb7
37.Rxb7 Nec5 38.Bh5 Qh6 39.Rc7 f3 40.gxf3 Rae8 41.Qh4 Kh8 42.Kh1 0-1

[Event "Master Open"]
[Site "Voronezh"]
[Date "2018.06.21"]
[Round "9.51"]
[White "Chapurin, Alexey V."]
[Black "Medzinovskiy, Petr"]
[Result "1/2-1/2"]
[WhiteElo "2262"]
[BlackElo "2213"]
[Annotator ""]
[Source ""]
[Remark ""]

1.d4 e6 2.Bf4 c5 3.e3 d5 4.c3 Nf6 5.Nf3 Be7 6.Nbd2 Nc6 7.Ne5
Nxe5 8.dxe5 Nd7 9.Bd3 g6 10.Nf3 f6 11.Qc2 f5 12.h4 Nb6 13.g4
Qc7 14.h5 g5 15.Nxg5 Bxg5 16.Bxg5 Qxe5 17.Bf4 Qf6 18.g5 Qf7 19.Be5
Rg8 20.f4 Bd7 21.Bd6 c4 22.Be2 O-O-O 23.Be5 Bc6 24.Rg1 Nd7 25.Bd4
e5 26.fxe5 Qe6 27.O-O-O b6 28.Rdf1 Rdf8 29.b3 Nxe5 30.bxc4 dxc4
31.Bxe5 Qxe5 32.Bxc4 Rg7 33.Bd3 Rc7 34.Kb2 Bd7 35.g6 hxg6 36.hxg6
Kb8 37.g7 Rfc8 38.g8Q Rxc3 39.Kb1 Rxc2 40.Bxc2 Rxg8 41.Rxg8+
Kb7 42.Rd1 Be6 43.Rgg1 Qc3 44.Rg2 a5 45.Rd3 Qb4+ 46.Ka1 a4 47.a3
Qc4 48.Bb1 Ka6 49.Rb2 Qc5 50.Rb4 Bb3 51.Kb2 Qe5+ 52.Rbd4 Bc4
53.Rc3 b5 54.Bc2 Qh2 55.Rf4 Qh8 56.Bxa4 Qe5 57.Bc2 Be6 58.Rb4
Ka5 59.Rf4 Qd5 60.Rb3 Qe5+ 61.Rc3 1/2-1/2

[Event "Master Open"]
[Site "Voronezh"]
[Date "2018.06.21"]
[Round "9.52"]
[White "Lystsov, Leonid"]
[Black "Parfenov, Viktor N."]
[Result "0-1"]
[WhiteElo "2086"]
[BlackElo "2247"]
[Annotator ""]
[Source ""]
[Remark ""]

1.d4 Nf6 2.Bf4 e6 3.Nf3 c5 4.e3 Nc6 5.c3 d5 6.Nbd2 cxd4 7.exd4
Nh5 8.Be3 Bd6 9.Ne5 g6 10.Ndf3 O-O 11.Bd3 f6 12.Nxc6 bxc6 13.Bh6
Rf7 14.O-O e5 15.dxe5 fxe5 16.Ng5 Rb7 17.c4 Bf8 18.Bxf8 Qxg5
19.h4 Qxh4 20.Ba3 Bh3 21.Qf3 Bxg2 22.Qxg2 Nf4 23.Qg3 Qxg3+ 24.fxg3
Nxd3 25.b3 Rf7 26.Kg2 a6 27.Bd6 Raa7 28.a3 Rxf1 29.Rxf1 Rf7 30.cxd5
cxd5 31.b4 Rxf1 32.Kxf1 Kf7 33.Ke2 Ke6 34.Bf8 Nb2 35.g4 h5 36.gxh5
gxh5 37.Bc5 d4 38.Kf3 Kd5 0-1

[Event "Master Open"]
[Site "Voronezh"]
[Date "2018.06.21"]
[Round "9.53"]
[White "Ibadov, Dashgyn"]
[Black "Schepetkova, Margarita"]
[Result "1/2-1/2"]
[WhiteElo "2214"]
[BlackElo "2244"]
[Annotator ""]
[Source ""]
[Remark ""]

1.e4 c6 2.d4 d5 3.Nc3 dxe4 4.Nxe4 Bf5 5.Ng3 Bg6 6.Nf3 Nd7 7.h4
h6 8.h5 Bh7 9.Bd3 Bxd3 10.Qxd3 e6 11.Bf4 Qa5+ 12.Bd2 Bb4 13.Ne4
Bxd2+ 14.Nfxd2 Ngf6 15.Nd6+ Ke7 16.Nxb7 Qb4 17.Qb3 Qxd4 18.O-O-O
Rab8 19.Nc4 Qf4+ 20.Ne3 Rhc8 21.Qa3+ c5 22.Nd6 Rc6 23.Ndc4 Qc7
24.g4 Ne4 25.Rxd7+ Qxd7 26.f3 Nd6 27.Ne5 Qb7 28.Nxc6+ Qxc6 29.Qxa7+
Rb7 30.Qa3 Nb5 31.Qd3 Rd7 32.Qe4 Qxe4 33.fxe4 Rd4 34.e5 Re4 35.Kd2
Rxe5 36.Kd3 Nd6 37.a4 Kd7 38.Rf1 Kc6 39.Rf4 Rg5 40.b3 f5 41.gxf5
exf5 42.Rh4 Ne4 43.Rf4 Nd6 44.Rh4 Ne4 45.Rf4 Nd6 1/2-1/2

[Event "Master Open"]
[Site "Voronezh"]
[Date "2018.06.21"]
[Round "9.54"]
[White "Shemyakin, Valeriy"]
[Black "Selifonova, Aleksandra"]
[Result "1-0"]
[WhiteElo "2229"]
[BlackElo "1920"]
[Annotator ""]
[Source ""]
[Remark ""]

1.d4 d5 2.c4 dxc4 3.Nf3 Nf6 4.Qa4+ c6 5.Qxc4 Bf5 6.g3 e6 7.Bg2
Nbd7 8.O-O Be7 9.Nc3 Ne4 10.Qb3 Qb6 11.Nh4 Nxc3 12.bxc3 Bxh4
13.gxh4 Qc7 14.e4 Bg6 15.Ba3 Nf6 16.Rab1 Ng4 17.f4 O-O-O 18.Rbe1
Rhe8 19.h3 Nf6 20.e5 Nd5 21.c4 Ne7 22.Bd6 Rxd6 23.exd6 Qxd6 24.d5
exd5 25.cxd5 c5 26.Qa4 Rd8 27.Qxa7 Nxd5 28.Re5 1-0

[Event "Master Open"]
[Site "Voronezh"]
[Date "2018.06.21"]
[Round "9.55"]
[White "Tatarintsev, Egor"]
[Black "Mendonca, Leon Luke"]
[Result "1/2-1/2"]
[WhiteElo "2125"]
[BlackElo "2228"]
[Annotator ""]
[Source ""]
[Remark ""]

1.e4 c5 2.c3 g6 3.d4 cxd4 4.cxd4 d5 5.exd5 Nf6 6.Nc3 Bg7 7.Qb3
O-O 8.Nf3 Nbd7 9.Be2 Nb6 10.O-O Nbxd5 11.Ne5 Nb6 12.Rd1 Be6 13.Qa3
Qd6 14.Qxd6 exd6 15.Nd3 Nfd5 16.Nxd5 Bxd5 17.Nb4 Rfe8 18.Nxd5
Nxd5 19.Bf3 Nb4 20.Be3 Nc2 21.Rac1 Nxe3 22.fxe3 Bh6 23.Rc7 Bxe3+
24.Kf1 Rac8 25.Rxc8 Rxc8 26.Ke2 Bg5 27.Kd3 Rc7 28.Re1 Kg7 29.b3
Bf6 30.Re2 h5 31.Ke4 Re7+ 32.Kd5 Rxe2 33.Bxe2 Kh6 34.Bb5 Bg7
35.Be8 f5 36.a4 g5 37.Kxd6 Bxd4 38.Ke6 f4 39.Kf5 Be3 40.h3 Bd2
41.Bf7 h4 42.Bd5 b6 1/2-1/2

[Event "Master Open"]
[Site "Voronezh"]
[Date "2018.06.21"]
[Round "9.56"]
[White "Klimentov, Roman"]
[Black "Bedenko, Nikita"]
[Result "0-1"]
[WhiteElo "2180"]
[BlackElo "1967"]
[Annotator ""]
[Source ""]
[Remark ""]

1.e4 c5 2.d3 Nc6 3.Nd2 d5 4.Ngf3 Nf6 5.g3 Bg4 6.h3 Bh5 7.Bg2
e6 8.O-O Be7 9.c3 O-O 10.Qc2 h6 11.Re1 Bg6 12.Nh2 Qc7 13.Ndf1
Rad8 14.Qe2 c4 15.dxc4 Bxe4 16.Bxe4 dxe4 17.Bf4 Qc8 18.Kg2 b6
19.Rad1 Qb7 20.Kg1 Qc8 21.g4 Rxd1 22.Rxd1 Rd8 23.Ng3 Rxd1+ 24.Qxd1
g5 25.Be3 Ne5 26.b3 Qc6 27.Qd4 Nd3 28.Nh5 Nxh5 29.gxh5 f5 30.b4
Qd6 31.a3 Ne5 32.c5 bxc5 33.bxc5 Qxd4 34.cxd4 Nc6 35.f3 f4 36.Bc1
Nxd4 37.Kf1 exf3 38.c6 Nxc6 39.Nxf3 Kf7 40.Ke2 Kf6 41.Bb2+ e5
42.Kd3 Kf5 43.Nd2 Na5 44.a4 Nb7 45.Ne4 Nc5+ 46.Nxc5 Bxc5 0-1

[Event "Master Open"]
[Site "Voronezh"]
[Date "2018.06.21"]
[Round "9.57"]
[White "Gasparian, Haik"]
[Black "Kochukova, Anna"]
[Result "1/2-1/2"]
[WhiteElo "2069"]
[BlackElo "2170"]
[Annotator ""]
[Source ""]
[Remark ""]

1.d4 d5 2.c4 dxc4 3.Nf3 a6 4.a4 Nc6 5.e3 Na5 6.Nc3 c6 7.Ne5 Be6
8.e4 Nf6 9.Be3 g6 10.f4 Bg7 11.Qf3 Nd7 12.Rd1 Bxe5 13.fxe5 Qc7
14.Bf4 Qb6 15.d5 cxd5 16.exd5 Bf5 17.g4 Bc2 18.Rd2 Bb3 19.Bg2
O-O 20.h4 f6 21.e6 Ne5 22.Qg3 Nd3+ 23.Ke2 Nxf4+ 24.Qxf4 f5 25.g5
Qd6 26.Qe3 f4 27.Qd4 Rad8 28.Ne4 Qc7 29.d6 Nc6 30.Qc5 exd6 31.Rxd6
Rxd6 32.Nxd6 Qe7 33.Bxc6 bxc6 34.Qe5 c3 35.Ne4 Qxe6 36.Qxe6+
Bxe6 37.bxc3 Rb8 38.Kf3 Bd5 39.Re1 Rb3 40.Kxf4 Bxe4 41.Rxe4 Rxc3
42.Ke5 Kf8 43.Kd6 Rc1 44.Kc7 c5 45.Kb6 c4 46.Kc5 c3 47.Kb4 c2
48.Kc3 a5 49.Kd2 Ra1 50.Kxc2 Ra3 51.Kb2 Rh3 1/2-1/2

[Event "Master Open"]
[Site "Voronezh"]
[Date "2018.06.21"]
[Round "9.58"]
[White "Shoboev, Dandar"]
[Black "Afanasieva, Alexandra"]
[Result "0-1"]
[WhiteElo "2091"]
[BlackElo "2069"]
[Annotator ""]
[Source ""]
[Remark ""]

1.d4 Nf6 2.c4 e6 3.Nf3 Bb4+ 4.Bd2 a5 5.g3 b6 6.Bg2 Bb7 7.O-O
O-O 8.Nc3 d6 9.a3 Bxc3 10.Bxc3 Ne4 11.Qc2 Nxc3 12.Qxc3 Nd7 13.Qc2
f5 14.Rfd1 Qe7 15.Rac1 a4 16.Qd2 Nf6 17.Ne1 Bxg2 18.Nxg2 Ne4
19.Qc2 Ra5 20.Ne3 Qg5 21.Ng2 Qh6 22.d5 e5 23.f3 Nc5 24.Qc3 Nb3
25.Rb1 Qh3 26.Qe3 Rc5 27.Qd3 Rf6 28.Ne3 Rh6 29.Nf1 f4 30.g4 Rf6
31.Kf2 h5 32.Qe4 Qh4+ 33.Kg2 hxg4 34.fxg4 Qxg4+ 35.Kf2 Rg6 36.Rd3
Qh4+ 0-1

[Event "Master Open"]
[Site "Voronezh"]
[Date "2018.06.21"]
[Round "9.59"]
[White "Seregina, Maria"]
[Black "Yakimenko, Alexander A."]
[Result "0-1"]
[WhiteElo "1873"]
[BlackElo "2094"]
[Annotator ""]
[Source ""]
[Remark ""]

1.f4 d5 2.Nf3 c6 3.g3 Bg4 4.Ne5 Bf5 5.d3 f6 6.Nf3 Nd7 7.Nbd2
e5 8.e4 Bg4 9.f5 Qb6 10.Qe2 a5 11.h3 Bxf3 12.Qxf3 Bc5 13.Nb3
Ne7 14.c3 O-O 15.g4 Rad8 16.g5 a4 17.Nxc5 Qxc5 18.Be2 a3 19.Qg3
fxg5 20.Qxg5 Nf6 21.Rg1 Rf7 22.Bh5 Nxh5 23.d4 exd4 0-1

[Event "Master Open"]
[Site "Voronezh"]
[Date "2018.06.21"]
[Round "9.60"]
[White "Pokhvalit, Alexander"]
[Black "Thrish, Karthik"]
[Result "0-1"]
[WhiteElo "2087"]
[BlackElo "2111"]
[Annotator ""]
[Source ""]
[Remark ""]

1.b3 Nf6 2.Bb2 d5 3.g3 c5 4.Bg2 Nc6 5.Nf3 e6 6.O-O Be7 7.d3 O-O
8.Nbd2 Qc7 9.e3 b5 10.c4 Ba6 11.Qc2 Rac8 12.a3 Rfd8 13.Rfd1 Qb6
14.Rac1 Na5 15.Ne5 Rb8 16.b4 bxc4 17.bxa5 Qxb2 18.Qxb2 Rxb2 19.Nc6
Kf8 20.dxc4 Rc8 21.Ne5 Ra2 22.Ra1 Rxa1 23.Rxa1 Bd6 24.Nef3 Rb8
25.Bf1 Rb2 26.Rb1 Rxb1 27.Nxb1 dxc4 28.Nfd2 Bc7 29.Bxc4 Bb7 30.a6
Bc8 31.Nc3 Nd7 32.Nb3 Bb6 33.a4 Bc7 34.Ne4 Ke7 35.Nbxc5 Nxc5
36.Nxc5 Kd6 37.Ne4+ Ke5 38.Ng5 h6 39.Nxf7+ Kf6 40.Nh8 Bd7 41.h4
g6 42.Bd3 Be8 43.Bc4 Bxa4 44.g4 Be8 45.f4 e5 46.g5+ hxg5 47.hxg5+
Kg7 48.Nxg6 Bxg6 49.fxe5 Bxe5 50.Kf2 Be4 51.Ke2 Kg6 52.Bb5 Kxg5
53.Bc4 Kf6 54.Kd2 Ke7 55.Bb5 Kd6 56.Bc4 Kc5 57.Be6 Kb5 58.Bc8
Kb6 59.Kd1 Bd3 60.Kc1 Bxa6 61.Be6 Bd3 62.Bb3 Kc5 63.Ba4 Kb4 64.Bd1
a5 65.Kd2 Be4 66.Kc1 a4 67.Bxa4 Kxa4 68.Kd2 Kb3 69.Ke2 Kc3 70.Ke1
Kd3 71.Kf2 Bb8 72.Kf1 Kxe3 73.Ke1 Bc2 74.Kf1 Kf3 75.Ke1 Bf4 76.Kf1
Bd2 77.Kg1 Kg3 78.Kf1 Bd3+ 79.Kg1 Be3+ 0-1

[Event "Master Open"]
[Site "Voronezh"]
[Date "2018.06.21"]
[Round "9.61"]
[White "Gutkovich, Polina"]
[Black "Shaydullina, Sandugach"]
[Result "1-0"]
[WhiteElo "2046"]
[BlackElo "2198"]
[Annotator ""]
[Source ""]
[Remark ""]

1.d4 d5 2.c4 dxc4 3.Nf3 a6 4.e3 Nf6 5.Bxc4 e6 6.O-O c5 7.e4 cxd4
8.e5 Nfd7 9.Qxd4 Nc6 10.Qf4 Be7 11.Qg3 Kf8 12.Bf4 h6 13.Re1 b5
14.Bb3 Nc5 15.Nc3 Bb7 16.Rad1 Qa5 17.Bc2 Rc8 18.Bb1 Ba8 19.Be3
b4 20.Ne2 Na4 21.Bc1 Nb6 22.Nf4 h5 23.Ng5 Rh6 24.Nfxe6+ fxe6
25.Qf4+ Kg8 26.Qf7+ Kh8 27.Nxe6 Rxe6 28.Qxe6 b3 29.Qg6 Kg8 30.Bh6
Bf8 31.e6 1-0

[Event "Master Open"]
[Site "Voronezh"]
[Date "2018.06.21"]
[Round "9.2"]
[White "Bocharov, Dmitry"]
[Black "Popov, Ivan"]
[Result "1-0"]
[WhiteElo "2576"]
[BlackElo "2608"]
[Annotator ""]
[Source ""]
[Remark ""]

1.c4 e5 2.g3 Nc6 3.Bg2 g6 4.Nc3 Bg7 5.d3 d6 6.e4 Nd4 7.Nge2 Bg4
8.h3 Bf3 9.Bxf3 Nxf3+ 10.Kf1 Ne7 11.Kg2 Nd4 12.Nxd4 exd4 13.Ne2
Qd7 14.Bg5 f6 15.Bd2 f5 16.Nf4 fxe4 17.dxe4 Nc6 18.Rc1 O-O-O
19.c5 dxc5 20.Rxc5 Qe7 21.Qg4+ Kb8 22.Nd3 h5 23.Qe2 Rhe8 24.f3
h4 25.Bg5 Bf6 26.gxh4 Rh8 27.a3 Rh5 28.f4 Bxg5 29.hxg5 Re8 30.Rcc1
Nd8 31.h4 Nf7 32.Qf3 Nd6 33.Ne5 Qe6 34.Qh3 Qa2 35.Rc2 Nxe4 36.Qd7
Qe6 37.Rxc7 Qxd7 38.Rxd7 Nc5 39.Rxd4 Ne6 40.Re4 Nxf4+ 41.Kf3
Ne6 42.Nd7+ 1-0

[Event "Master Open"]
[Site "Voronezh"]
[Date "2018.06.21"]
[Round "9.4"]
[White "Gabrielian, Artur"]
[Black "Matinian, Nikita"]
[Result "0-1"]
[WhiteElo "2506"]
[BlackElo "2496"]
[Annotator ""]
[Source ""]
[Remark ""]

1.e4 e5 2.Nf3 Nc6 3.Bc4 Nf6 4.d3 Bc5 5.c3 O-O 6.Bg5 h6 7.Bh4
Be7 8.Bg3 d6 9.Nbd2 Na5 10.Bb5 a6 11.Ba4 b5 12.Bc2 c5 13.a4 b4
14.cxb4 cxb4 15.Nb3 Nh5 16.Nxa5 Qxa5 17.Bb3 Bb7 18.Nxe5 Nxg3
19.Nc4 Qh5 20.fxg3 Qc5 21.Rf1 Rae8 22.Rc1 Bg5 23.Nd2 Qd4 24.Rc4
Qb6 25.Rc2 d5 26.Qe2 dxe4 27.Nxe4 Kh8 28.Bxf7 Re7 29.Bh5 Rd8
30.Bf3 b3 31.Rc4 Bd5 32.Rc3 Bf6 33.Rc1 Qb4+ 0-1

[Event "Master Open"]
[Site "Voronezh"]
[Date "2018.06.21"]
[Round "9.5"]
[White "Belous, Vladimir"]
[Black "Maghsoodloo, Parham"]
[Result "1/2-1/2"]
[WhiteElo "2555"]
[BlackElo "2638"]
[Annotator ""]
[Source ""]
[Remark ""]

1.d4 d5 2.c4 c6 3.Nf3 Nf6 4.e3 a6 5.Bd3 Bg4 6.Qb3 Qc7 7.Ne5 Nbd7
8.Nxg4 Nxg4 9.cxd5 cxd5 10.Nc3 e6 11.e4 dxe4 12.Bxe4 Rb8 13.Bf3
Ngf6 14.Be3 Bd6 15.Rc1 Qb6 16.Qc2 O-O 17.O-O Qa5 18.a3 Rfc8 19.Qd3
Nb6 20.Ne4 Nxe4 21.Bxe4 Qh5 22.g3 Rd8 23.Rc2 Nd5 24.Bd2 Be7 25.Rfc1
Bf6 26.Rc4 g6 27.Bf3 Qf5 28.Qe2 Bg5 29.Be4 Qf6 30.Bxg5 Qxg5 31.Bg2
Nb6 32.Rc5 Qf6 33.Qe5 Nd7 34.Qxf6 Nxf6 35.Rc7 Nd5 36.Bxd5 Rxd5
37.Rc8+ Rxc8 38.Rxc8+ Kg7 39.Rc7 b6 40.Rc6 Rb5 41.b4 a5 42.bxa5
Rxa5 43.Rxb6 Rxa3 44.Rb4 g5 45.Rb5 Kf6 46.Kf1 Ra1+ 47.Kg2 Rd1
48.Rb4 h5 49.h3 Kf5 50.Rb5+ Kg6 51.Rb4 Rd3 52.Kf1 Rd1+ 53.Kg2
f5 54.Kf3 Re1 55.Rb6 g4+ 56.Kg2 Kf7 57.Rb7+ Kf6 58.Rh7 Kg6 59.Re7
Re4 60.Re8 Kf7 1/2-1/2

[Event "Master Open"]
[Site "Voronezh"]
[Date "2018.06.21"]
[Round "9.6"]
[White "Iljiushenok, Ilia"]
[Black "Ponkratov, Pavel"]
[Result "1-0"]
[WhiteElo "2530"]
[BlackElo "2622"]
[Annotator ""]
[Source ""]
[Remark ""]

1.e4 e6 2.d4 d5 3.Nc3 Bb4 4.e5 c5 5.a3 Bxc3+ 6.bxc3 Qc7 7.Qg4
f6 8.Nf3 c4 9.Be2 Qf7 10.O-O Nc6 11.Qg3 Bd7 12.exf6 gxf6 13.Qc7
Bc8 14.Qd6 Qe7 15.Qg3 Bd7 16.Ne5 fxe5 17.Bh5+ Kf8 18.Bg5 1-0

[Event "Master Open"]
[Site "Voronezh"]
[Date "2018.06.21"]
[Round "9.7"]
[White "Demidov, Mikhail"]
[Black "Kryakvin, Dmitry"]
[Result "0-1"]
[WhiteElo "2513"]
[BlackElo "2592"]
[Annotator ""]
[Source ""]
[Remark ""]

1.Nf3 c5 2.b3 d5 3.e4 dxe4 4.Ng5 Nf6 5.Bc4 e6 6.Nc3 Nc6 7.Bb2
Be7 8.O-O O-O 9.Re1 b6 10.Ncxe4 h6 11.Nxf6+ Bxf6 12.Bxf6 Qxf6
13.Ne4 Qe7 14.Ng3 Bb7 15.Bd5 Rad8 16.Bf3 Nd4 17.Bxb7 Qxb7 18.Re5
Qc7 19.Re1 Rd5 20.d3 Qb7 21.Ne4 Rfd8 22.a4 Qc6 23.Qd2 R5d7 24.Rad1
e5 25.Ng3 f6 26.Nf1 Kh8 27.f3 a6 28.Ne3 b5 29.axb5 axb5 30.Qf2
Ra7 31.h3 Ra2 32.Rd2 Qa8 33.Red1 Qa5 34.f4 Qc7 35.fxe5 Qxe5 36.Ng4
Qg5 37.Nh2 Qh5 38.Re1 Re8 39.Rxe8+ Qxe8 40.b4 Qe5 41.bxc5 Ra1+
42.Nf1 Qxc5 43.Kh2 Qe5+ 44.Kg1 b4 45.h4 h5 46.g3 Rc1 47.Qg2 Qc5
48.Qa8+ Kh7 49.Kg2 Rxc2 50.Qe4+ f5 51.Qe8 Qc6+ 52.Qxc6 Rxc6 53.Ne3
b3 54.Nc4 Kh6 55.Kf2 Re6 56.Rb2 g5 57.Kf1 Kg6 58.Rb1 gxh4 59.gxh4
f4 60.Nd2 Rb6 61.Nc4 Rb8 62.Kf2 Kf5 63.Rg1 Ra8 64.Rg5+ Kf6 65.Rd5
Ra2+ 66.Kf1 Nf5 67.Rb5 f3 68.Rb6+ Ke7 69.Rb7+ Kd8 70.Rb8+ Kc7
71.Rg8 b2 72.Nxb2 Rxb2 73.Rf8 Ng3+ 74.Ke1 Re2+ 75.Kd1 f2 76.d4
Re1+ 0-1

[Event "Master Open"]
[Site "Voronezh"]
[Date "2018.06.21"]
[Round "9.8"]
[White "Khanin, Semen"]
[Black "Tiviakov, Sergei"]
[Result "1/2-1/2"]
[WhiteElo "2485"]
[BlackElo "2580"]
[Annotator ""]
[Source ""]
[Remark ""]

1.e4 d5 2.exd5 Qxd5 3.Nc3 Qd6 4.d4 g6 5.Nf3 Bg7 6.Nb5 Qb6 7.c3
Nf6 8.Na3 O-O 9.Nc4 Qe6+ 10.Nce5 Nc6 11.Bc4 Qd6 12.Qb3 e6 13.Nxc6
Qxc6 14.O-O a6 15.Ne5 Qd6 16.Be2 Nd5 17.Bf3 a5 18.a4 Bxe5 19.dxe5
Qxe5 20.Bh6 Rd8 21.Rfe1 Qf6 22.Bxd5 exd5 23.Qxd5 Be6 24.Qxb7
g5 25.Bxg5 Qxg5 26.Qxc7 Rd2 27.Re3 Kh8 28.Rg3 Qd5 29.h3 Qd6 30.Qxd6
Rxd6 31.Rg5 Rb6 32.b4 axb4 33.cxb4 Rxb4 34.a5 Rab8 35.Kh2 1/2-1/2

[Event "Master Open"]
[Site "Voronezh"]
[Date "2018.06.21"]
[Round "9.9"]
[White "Pridorozhni, Aleksei"]
[Black "Sindarov, Javokhir"]
[Result "0-1"]
[WhiteElo "2589"]
[BlackElo "2449"]
[Annotator ""]
[Source ""]
[Remark ""]

1.e4 e5 2.Nf3 Nc6 3.c3 Nf6 4.d4 Nxe4 5.d5 Bc5 6.dxc6 Bxf2+ 7.Ke2
Bb6 8.Qd5 Nf2 9.Rg1 O-O 10.Bg5 bxc6 11.Bxd8 cxd5 12.Bh4 Ba6+
13.Ke1 Bxf1 14.Bxf2 Ba6 15.Bxb6 axb6 16.Kf2 e4 17.Nd4 f5 18.g3
c5 19.Ne2 g5 20.h4 h6 21.Na3 Kf7 22.hxg5 hxg5 23.Rh1 Rh8 24.Rag1
Kf6 25.Ke3 Ke5 0-1

[Event "Master Open"]
[Site "Voronezh"]
[Date "2018.06.21"]
[Round "9.10"]
[White "Volkov, Sergey"]
[Black "Drygalov, Andrey"]
[Result "1-0"]
[WhiteElo "2580"]
[BlackElo "2435"]
[Annotator ""]
[Source ""]
[Remark ""]

1.d4 d5 2.c4 c6 3.Nf3 Nf6 4.e3 Bf5 5.Nc3 e6 6.Nh4 Bg6 7.Qb3 Qc7
8.Nxg6 hxg6 9.Bd2 Nbd7 10.g3 Rc8 11.Be2 Be7 12.O-O O-O 13.Rfd1
dxc4 14.Bxc4 b5 15.Bf1 a6 16.a4 b4 17.Ne2 c5 18.a5 e5 19.dxc5
Bxc5 20.Nc1 e4 21.Bxa6 Ra8 22.Be2 Rxa5 23.Rxa5 Qxa5 24.Qa2 Qb6
25.Qa6 Qxa6 26.Bxa6 Ra8 27.Be2 Be7 28.Nb3 Ra2 29.Bc1 Ne5 30.Rd4
g5 31.h3 Ra7 32.Kf1 g6 33.Ke1 Kg7 34.Nd2 Ra8 35.Nc4 Nc6 36.Rd1
Kf8 37.b3 Rd8 38.Rxd8+ Bxd8 39.Nd2 Bc7 40.Bb5 Ne5 41.Bb2 Ke7
42.g4 Nh7 43.Nxe4 f5 44.gxf5 gxf5 45.Ng3 f4 46.Nf5+ Ke6 47.Nd4+
Kd5 48.Ke2 fxe3 49.fxe3 Nf6 50.Ba6 Bb6 51.Bb7+ Kd6 52.Nf5+ Ke6
53.Bc8+ Kd5 54.e4+ Kxe4 55.Nd6+ Kd5 56.Bxe5 Kxe5 57.Nc4+ Kd4
58.Nxb6 Ne4 59.Na4 Nd6 60.Bd7 Ke4 61.Bc6+ Kf4 62.Nc5 Nf5 63.Bd7
Nd4+ 64.Kf2 Ke5 65.Ba4 1-0

[Event "Master Open"]
[Site "Voronezh"]
[Date "2018.06.21"]
[Round "9.11"]
[White "Nesterov, Arseniy"]
[Black "Savchenko, Boris"]
[Result "0-1"]
[WhiteElo "2317"]
[BlackElo "2565"]
[Annotator ""]
[Source ""]
[Remark ""]

1.d4 Nf6 2.c4 g6 3.Nc3 d5 4.e3 Bg7 5.cxd5 Nxd5 6.Nxd5 Qxd5 7.Ne2
O-O 8.Nc3 Qd8 9.Be2 c5 10.d5 e6 11.e4 exd5 12.exd5 b6 13.O-O
Bb7 14.Bf3 Nd7 15.d6 Bxf3 16.Qxf3 Ne5 17.Qd5 Qh4 18.Ne4 h6 19.Bd2
Rae8 20.Rae1 Re6 21.Bc3 Rfe8 22.d7 Rd8 23.Nxc5 bxc5 24.Bxe5 Qe7
25.f4 Rxd7 26.Qa8+ Rd8 27.Qf3 Re8 28.g3 f5 29.Qd5 Kh7 30.Bc3
Bxc3 31.Rxe6 Qxe6 0-1

[Event "Master Open"]
[Site "Voronezh"]
[Date "2018.06.21"]
[Round "9.12"]
[White "Maiorov, Nikita"]
[Black "Drygalov, Sergey"]
[Result "1/2-1/2"]
[WhiteElo "2533"]
[BlackElo "2428"]
[Annotator ""]
[Source ""]
[Remark ""]

1.d4 d5 2.c4 c6 3.Nc3 Nf6 4.e3 e6 5.Nf3 Nbd7 6.Qc2 Bd6 7.Bd3
O-O 8.O-O dxc4 9.Bxc4 b5 10.Be2 Bb7 11.a3 a6 12.b4 a5 13.Rb1
axb4 14.axb4 e5 15.dxe5 Nxe5 16.Nd4 Re8 17.Nf5 Bf8 18.e4 Bc8
19.Ne3 Qb6 20.Kh1 Be6 21.Bd2 Nfg4 22.Ncd1 Ra2 23.Rb2 Rxb2 24.Nxb2
Nxe3 25.Bxe3 Qa6 26.Bc5 Bxc5 27.Qxc5 Nc4 28.Nxc4 Bxc4 29.Qe3
Bxe2 30.Qxe2 Qa3 31.Rb1 Qc3 32.h3 h6 33.f3 Rd8 34.e5 Rd2 35.Qe1
Rc2 36.Qd1 Rd2 37.Qe1 Rd3 38.e6 Qxe1+ 39.Rxe1 Kf8 40.exf7 Rd4
41.Re6 Rc4 1/2-1/2

[Event "Master Open"]
[Site "Voronezh"]
[Date "2018.06.21"]
[Round "9.13"]
[White "Tsydypov, Zhamsaran"]
[Black "Faizrakhmanov, Ramil"]
[Result "1/2-1/2"]
[WhiteElo "2522"]
[BlackElo "2388"]
[Annotator ""]
[Source ""]
[Remark ""]

1.d4 Nf6 2.c4 e6 3.Nc3 Bb4 4.Qc2 O-O 5.Nf3 c5 6.g3 cxd4 7.Nxd4
Nc6 8.Nxc6 bxc6 9.Bg2 d5 10.a3 Be7 11.O-O a5 12.Na4 Ba6 13.b3
Nd7 14.Be3 Rb8 15.Rfd1 Bf6 16.Rab1 Qe7 17.Qd2 Ra8 18.Qc1 h6 19.Bd2
Bb7 20.Be1 Rfb8 21.e3 Be5 22.e4 dxe4 23.Bxe4 Nf6 24.Bg2 c5 25.Bxb7
Rxb7 26.Bc3 Bxc3 27.Nxc3 Rd8 28.Rxd8+ Qxd8 29.Qe3 Nd7 30.Nb5
Qe7 31.Qc3 Rb8 32.Qxa5 Ne5 33.Qc3 Qf6 34.f4 Qg6 35.Rf1 Ng4 36.Qd2
h5 37.Rd1 h4 38.Qe2 Nf6 39.Kg2 Nh5 40.Qe3 hxg3 41.hxg3 Nxg3 42.Kf2
Qc2+ 43.Ke1 Qg2 44.Rd7 Nf5 45.Qe5 Ra8 46.Rd3 Ng3 47.Kd1 Ne4 48.Kc1
Qe2 49.Rd7 Qe3+ 50.Kb2 Qf2+ 51.Kc1 Qe3+ 52.Kb2 Qf2+ 53.Kc1 Qe3+ 1/2-1/2